[Event "FIN-chT 2022"]
[Site "Finland"]
[Date "2021.10.16"]
[Round "11.8"]
[White "Rauramaa, Kari"]
[Black "Johansson, Jukka"]
[Result "1/2-1/2"]
[WhiteElo "2062"]
[BlackElo "2084"]
[PlyCount "56"]
[EventDate "2020.09.12"]
[EventType "team-tourn"]
[EventRounds "11"]
[EventCountry "FIN"]
[SourceTitle "EXT 2023"]
[Source "ChessBase"]
[SourceDate "2022.10.05"]
[SourceVersion "1"]
[SourceVersionDate "2022.10.05"]
[SourceQuality "1"]
[WhiteTeam "Espoo MatSK II"]
[BlackTeam "Gambiitti"]
[WhiteTeamCountry "FIN"]
[BlackTeamCountry "FIN"]

1. Nf3 Nf6 2. d4 d5 3. g3 c6 4. Bg2 g6 5. 0-0 Bg7 6. c4 dxc4 7. a4 h6 8. Na3 Be6 9. Qc2 Na6 10. Bf4 0-0 11. Qc1 Kh7 12. Nxc4 Bd5 13. Rd1 Nb4 14. a5 Be4 15. Be5 Kg8 16. Ra3 Qc8 17. Bxf6 Bxf6 18. Qxh6 Nc2 19. Rc3 Bxf3 20. Rxc2 Bxg2 21. Kxg2 Qf5 22. Qd2 Bxd4 23. f3 Bf6 24. Qd3 Qb5 25. Rcd2 Kg7 26. b3 Rh8 27. e4 Rad8 28. Qe3 e6 1/2-1/2

[Event "Helsinki Easter op"]
[Site "Helsinki"]
[Date "2018.04.02"]
[Round "6"]
[White "Aura, Kristian"]
[Black "Rauramaa, Kari"]
[Result "1/2-1/2"]
[WhiteElo "1994"]
[BlackElo "2080"]
[PlyCount "56"]
[EventDate "2018.03.30"]
[EventType "swiss"]
[EventRounds "6"]
[EventCountry "FIN"]
[SourceTitle "EXT 2019"]
[Source "ChessBase"]
[SourceDate "2018.10.10"]
[SourceVersion "1"]
[SourceVersionDate "2018.10.10"]
[SourceQuality "1"]

1. d4 Nf6 2. Nf3 g6 3. c4 d5 4. cxd5 Nxd5 5. e4 Nb6 6. Nc3 Bg7 7. h3 0-0 8. Be3 Nc6 9. Rc1 Na5 10. b3 Bd7 11. Be2 Be8 12. 0-0 f6 13. Nb5 Bxb5 14. Bxb5 a6 15. Be2 e6 16. d5 exd5 17. Bxb6 cxb6 18. exd5 b5 19. Qd2 b6 20. Nd4 Qd6 21. Bf3 Rac8 22. Ne6 Rfe8 23. Nxg7 Kxg7 24. Rxc8 Rxc8 25. Qe2 Nb7 26. Re1 Rc7 27. Qe8 Nd8 28. g3 Rf7 1/2-1/2

[Event "Helsinki Easter op"]
[Site "Helsinki"]
[Date "2018.03.31"]
[Round "3"]
[White "Rauramaa, Kari"]
[Black "Eklund, Kari"]
[Result "1/2-1/2"]
[WhiteElo "2080"]
[BlackElo "2078"]
[PlyCount "56"]
[EventDate "2018.03.30"]
[EventType "swiss"]
[EventRounds "6"]
[EventCountry "FIN"]
[SourceTitle "EXT 2019"]
[Source "ChessBase"]
[SourceDate "2018.10.10"]
[SourceVersion "1"]
[SourceVersionDate "2018.10.10"]
[SourceQuality "1"]

1. d4 Nf6 2. Nf3 g6 3. Bf4 Bg7 4. Nc3 d6 5. e4 0-0 6. Bc4 c6 7. Qd2 b5 8. Bd3 Bg4 9. Ng5 e5 10. dxe5 dxe5 11. Be3 Qe7 12. f3 Bc8 13. h4 h5 14. 0-0-0 Nbd7 15. Qf2 a5 16. Rdg1 a4 17. g4 b4 18. Ne2 Ba6 19. Bxa6 Rxa6 20. Ng3 b3 21. a3 bxc2 22. gxh5 Nxh5 23. Nxh5 gxh5 24. Qe2 Ra5 25. Bd2 Rb5 26. Bc3 Nc5 27. Qc4 Kh8 28. Rg2 f6 1/2-1/2

[Event "FIN-chT1A 1718"]
[Site "Finland"]
[Date "2018.02.04"]
[Round "7.7"]
[White "Rauramaa, Kari"]
[Black "Peltomaki, Jarmo"]
[Result "1-0"]
[WhiteElo "2122"]
[BlackElo "1985"]
[PlyCount "101"]
[EventDate "2017.09.16"]
[EventType "team-tourn"]
[EventRounds "7"]
[EventCountry "FIN"]
[SourceTitle "EXT 2020"]
[Source "ChessBase"]
[SourceDate "2019.10.17"]
[SourceVersion "1"]
[SourceVersionDate "2019.10.17"]
[SourceQuality "1"]
[WhiteTeam "Espoo MatSK II"]
[BlackTeam "Vaasa VSS"]
[WhiteTeamCountry "FIN"]
[BlackTeamCountry "FIN"]

1. d4 g6 2. b3 Bg7 3. Bb2 c5 4. e3 cxd4 5. exd4 d5 6. Bd3 Nc6 7. c3 Nh6 8. Nd2 Bf5 9. Bxf5 Nxf5 10. Ngf3 Rc8 11. 0-0 0-0 12. Re1 Re8 13. Nf1 e6 14. Qd3 a6 15. Ng3 Nd6 16. Re2 Qa5 17. h4 h5 18. a4 Ne7 19. Rc2 Nef5 20. Nxf5 Nxf5 21. Ba3 Qd8 22. g3 Nd6 23. Kg2 Ne4 24. c4 Nf6 25. c5 a5 26. Rd1 Nd7 27. Qb5 Qc7 28. Bc1 Nb8 29. Bf4 Qc6 30. Qxa5 f6 31. Re2 Nd7 32. Rde1 e5 33. dxe5 Nxc5 34. Nd4 Qa6 35. Qxa6 bxa6 36. exf6 Rxe2 37. Rxe2 Bxf6 38. Nf3 Nxb3 39. Re6 Kf7 40. Rxa6 Nc5 41. Ra7+ Ke6 42. Be3 Nd3 43. Ra6+ Ke7 44. a5 Rc2 45. Ra7+ Ke6 46. Bd4 Bd8 47. a6 Ra2 48. Rg7 Kf5 49. Rg8 Bc7 50. a7 Nxf2 51. a8Q 1-0

[Event "FIN-chT1A 1718"]
[Site "Finland"]
[Date "2018.02.03"]
[Round "6.7"]
[White "Rauramaa, Kari"]
[Black "Nystrom, Jarno"]
[Result "1-0"]
[WhiteElo "2122"]
[BlackElo "1854"]
[PlyCount "81"]
[EventDate "2017.09.16"]
[EventType "team-tourn"]
[EventRounds "7"]
[EventCountry "FIN"]
[SourceTitle "EXT 2020"]
[Source "ChessBase"]
[SourceDate "2019.10.17"]
[SourceVersion "1"]
[SourceVersionDate "2019.10.17"]
[SourceQuality "1"]
[WhiteTeam "Espoo MatSK II"]
[BlackTeam "Raahe Li"]
[WhiteTeamCountry "FIN"]
[BlackTeamCountry "FIN"]

1. d4 e6 2. g3 d5 3. Bg2 Nf6 4. Nf3 Be7 5. Bf4 0-0 6. c4 c5 7. Nc3 dxc4 8. Qa4 Bd7 9. Qxc4 b5 10. Nxb5 Qa5+ 11. Nc3 Nc6 12. 0-0 Rac8 13. d5 exd5 14. Nxd5 Nxd5 15. Qxd5 Be6 16. Qh5 c4 17. Qxa5 Nxa5 18. Nd4 Bd7 19. Bd2 Nc6 20. Nxc6 Bxc6 21. Bxc6 Rxc6 22. Bc3 Rd8 23. Rfd1 Rcc8 24. Kf1 f5 25. e3 Kf7 26. Ke2 g6 27. Rxd8 Rxd8 28. Bd4 a6 29. Rc1 Rc8 30. b3 Ke6 31. Rxc4 Rxc4 32. bxc4 h5 33. Kd3 h4 34. e4 h3 35. Bb6 Bd6 36. f4 g5 37. e5 Be7 38. Be3 gxf4 39. gxf4 Bb4 40. Bf2 Ba3 41. Ke2 1-0

[Event "FIN-chT1B 1617"]
[Site "Finland"]
[Date "2017.02.04"]
[Round "6.6"]
[White "Kulmany, Istvan Mihaly"]
[Black "Rauramaa, Kari"]
[Result "1/2-1/2"]
[WhiteElo "2117"]
[BlackElo "2127"]
[PlyCount "63"]
[EventDate "2016.09.17"]
[EventType "team-tourn"]
[EventRounds "7"]
[EventCountry "FIN"]
[SourceTitle "EXT 2019"]
[Source "ChessBase"]
[SourceDate "2018.10.10"]
[SourceVersion "1"]
[SourceVersionDate "2018.10.10"]
[SourceQuality "1"]
[WhiteTeam "Joensuu SK"]
[BlackTeam "Espoo MatSK II"]
[WhiteTeamCountry "FIN"]
[BlackTeamCountry "FIN"]

1. d4 Nf6 2. c4 c5 3. d5 b5 4. cxb5 a6 5. bxa6 Bxa6 6. Nc3 g6 7. g3 d6 8. Rb1 Bg7 9. Bg2 0-0 10. Nf3 Nbd7 11. b3 Qa5 12. Bd2 Ng4 13. Qc2 Rab8 14. h3 Nge5 15. Nh4 Nf6 16. 0-0 Rfc8 17. a4 Qd8 18. Rfe1 Rb4 19. f4 Ned7 20. Na2 Rb7 21. Bc3 Rcb8 22. e4 Nb6 23. Kh2 Qd7 24. a5 Nc8 25. e5 dxe5 26. fxe5 Nxd5 27. e6 fxe6 28. Bxg7 Kxg7 29. Qxc5 Rxb3 30. Rxb3 Rxb3 31. Qd4+ Nf6 32. Qxd7 1/2-1/2

[Event "Helsinki We HSK 130v A"]
[Site "Helsinki"]
[Date "2016.05.14"]
[Round "2"]
[White "Ponnio, Toni"]
[Black "Rauramaa, Kari"]
[Result "0-1"]
[WhiteElo "2095"]
[BlackElo "2185"]
[PlyCount "82"]
[EventDate "2016.05.13"]
[EventType "swiss"]
[EventRounds "5"]
[EventCountry "FIN"]
[SourceTitle "EXT 2022"]
[Source "ChessBase"]
[SourceDate "2021.10.06"]
[SourceVersion "1"]
[SourceVersionDate "2021.10.06"]
[SourceQuality "1"]

1. d4 c5 2. e4 cxd4 3. c3 d3 4. Bxd3 d6 5. h3 Nf6 6. c4 g6 7. Nf3 Bg7 8. 0-0 0-0 9. Nc3 Na6 10. Be3 b6 11. Qe2 Bb7 12. Rfd1 Qe8 13. Nd5 Rc8 14. Nxf6+ Bxf6 15. Bh6 Bg7 16. Bxg7 Kxg7 17. b4 e5 18. c5 Nxb4 19. Bb5 Bc6 20. Bxc6 Rxc6 21. cxd6 f6 22. Qb5 Nc2 23. d7 Qe6 24. Rac1 Rd8 25. Rd2 Nd4 26. Rxc6 Nxc6 27. Rc2 Nb8 28. Kh2 Qxd7 29. Qb2 Na6 30. Rd2 Qe7 31. Rxd8 Qxd8 32. Qa3 Nc5 33. Qxa7+ Kg8 34. Qa3 Nxe4 35. Qb4 Nc5 36. Qc4+ Kg7 37. a4 Qd6 38. g3 Qc6 39. Kg2 Qxa4 40. Qd5 Qd7 41. Qc4 Qb7 0-1

[Event "FIN-chT 1415"]
[Site "Finland"]
[Date "2014.09.28"]
[Round "2.7"]
[White "Rauramaa, Kari"]
[Black "Tusa, Tuukka"]
[Result "1-0"]
[WhiteElo "2194"]
[BlackElo "2151"]
[PlyCount "89"]
[EventDate "2014.09.27"]
[EventType "team-tourn"]
[EventRounds "11"]
[EventCountry "FIN"]
[SourceTitle "CBM 162 Extra"]
[Source "ChessBase"]
[SourceDate "2014.10.17"]
[SourceVersion "1"]
[SourceVersionDate "2014.10.17"]
[SourceQuality "1"]
[WhiteTeam "Espoo MatSK II"]
[BlackTeam "Porvoo Velhot"]
[WhiteTeamCountry "FIN"]
[BlackTeamCountry "FIN"]

1. d4 d5 2. c4 c6 3. Nf3 Nf6 4. Nc3 e6 5. Bg5 Be7 6. e3 Nbd7 7. a3 0-0 8. Bd3 Re8 9. 0-0 Nf8 10. Re1 Ng6 11. b4 Ng4 12. Bxe7 Qxe7 13. e4 dxe4 14. Bxe4 Rd8 15. Qc2 Qc7 16. Bxg6 hxg6 17. Qe4 Nh6 18. Rad1 b6 19. d5 cxd5 20. Nxd5 Rxd5 21. cxd5 Bb7 22. d6 Qd7 23. Qf4 Rd8 24. Ne5 Qb5 25. Qh4 g5 26. Qxg5 f6 27. Qh4 Bd5 28. Ng6 Rxd6 29. Ne7+ Kf8 30. Nxd5 exd5 31. Qh3 d4 32. Qc8+ Kf7 33. Qc7+ Rd7 34. Qb8 Rd5 35. Qxa7+ Kg6 36. Qa8 Kh7 37. Re7 Nf5 38. Re8 Nd6 39. Rh8+ Kg6 40. Qg8 Qe2 41. Qh7+ Kf7 42. Rc1 Rg5 43. h4 Rf5 44. Rc7+ Ke6 45. Qg8+ 1-0

[Event "Helsinki We KapSK A"]
[Site "Helsinki"]
[Date "2012.11.25"]
[Round "4"]
[White "Ronka, Erik"]
[Black "Rauramaa, Kari"]
[Result "1-0"]
[WhiteElo "2065"]
[BlackElo "2207"]
[PlyCount "105"]
[EventDate "2012.11.23"]
[EventType "swiss"]
[EventRounds "5"]
[EventCountry "FIN"]
[SourceTitle "EXT 2022"]
[Source "ChessBase"]
[SourceDate "2021.10.06"]
[SourceVersion "1"]
[SourceVersionDate "2021.10.06"]
[SourceQuality "1"]

1. d4 Nf6 2. c4 g6 3. Nc3 c5 4. d5 b5 5. Nxb5 d6 6. Nc3 Bg7 7. e4 Nbd7 8. Nf3 0-0 9. Be2 Qa5 10. 0-0 Rb8 11. Qc2 Qb4 12. Rb1 Ne8 13. Bd2 Qb6 14. a3 Nc7 15. Na4 Qb7 16. b4 cxb4 17. axb4 Nb6 18. Nxb6 axb6 19. c5 f5 20. c6 Qa7 21. Bc3 b5 22. Bxg7 Kxg7 23. Bd3 fxe4 24. Bxe4 Bf5 25. Ng5 Qd4 26. Bxf5 Rxf5 27. Ne6+ Nxe6 28. dxe6 Re5 29. c7 Rc8 30. Rfc1 Qd5 31. Qc6 Qxe6 32. Ra1 Kf7 33. h3 d5 34. Qxb5 d4 35. Qd3 Qb6 36. Qf3+ Rf5 37. Qb3+ e6 38. Qc4 d3 39. Qxd3 Rxf2 40. Qd7+ Kg8 41. Rc5 Rff8 42. Qc6 Qxb4 43. Qxe6+ Kg7 44. Qe5+ Kh6 45. Qe3+ Kg7 46. Qe5+ Kh6 47. Qe3+ Kg7 48. Rd1 Qa4 49. Qe5+ Kg8 50. Qe6+ Kh8 51. Rd7 Qf4 52. Qe5+ Qxe5 53. Rxe5 1-0

[Event "FIN-chT 1213"]
[Site "Finland"]
[Date "2012.10.27"]
[Round "4.8"]
[White "Lehtioksa, Jorma"]
[Black "Rauramaa, Kari"]
[Result "1-0"]
[WhiteElo "2179"]
[BlackElo "2207"]
[PlyCount "103"]
[EventDate "2012.09.28"]
[EventType "team-tourn"]
[EventRounds "11"]
[EventCountry "FIN"]
[SourceTitle "EXT 2013"]
[Source "ChessBase"]
[SourceDate "2012.11.22"]
[SourceVersion "1"]
[SourceVersionDate "2012.11.22"]
[SourceQuality "1"]
[WhiteTeam "Tammer Shakki"]
[BlackTeam "Espoo MatSK II"]
[WhiteTeamCountry "FIN"]
[BlackTeamCountry "FIN"]

1. Nf3 d5 2. d4 Nf6 3. c4 g6 4. cxd5 Nxd5 5. e4 Nb6 6. Nc3 Bg7 7. Be3 0-0 8. Be2 Bg4 9. Rc1 c6 10. b3 Re8 11. 0-0 N8d7 12. h3 Bxf3 13. Bxf3 Rc8 14. Be2 Nf8 15. d5 cxd5 16. Nxd5 Rxc1 17. Bxc1 Nxd5 18. Qxd5 Qxd5 19. exd5 Nd7 20. Be3 Nb6 21. Bf3 Nc8 22. Rc1 Be5 23. a4 Bb8 24. b4 Nd6 25. g4 Rc8 26. Rc5 b6 27. Rc6 Rxc6 28. dxc6 e5 29. Bd5 Kf8 30. b5 Bc7 31. Bd2 f6 32. Bb4 h6 33. Kg2 Kg7 34. h4 f5 35. Bc3 Ne8 36. f4 fxg4 37. fxe5 h5 38. e6+ Kf8 39. Be4 Ke7 40. Bxg6 Nd6 41. Bxh5 Nf5 42. Bxg4 Nxh4+ 43. Kh3 Ng6 44. Kg2 Nf4+ 45. Kf3 Nxe6 46. Bxe6 Kxe6 47. Ke4 a6 48. bxa6 Bb8 49. Be5 Ba7 50. Bc7 Ke7 51. Kd5 Ke8 52. Ke6 1-0

[Event "Politiken Cup 33rd"]
[Site "Helsingor"]
[Date "2011.08.03"]
[Round "6"]
[White "Rauramaa, Kari"]
[Black "Diaz, Linda Victoria"]
[Result "1-0"]
[WhiteElo "2217"]
[BlackElo "1988"]
[PlyCount "55"]
[EventDate "2011.07.30"]
[EventType "swiss"]
[EventRounds "10"]
[EventCountry "DEN"]
[SourceTitle "CBM 143 Extra"]
[Source "ChessBase"]
[SourceDate "2011.08.29"]
[SourceVersion "1"]
[SourceVersionDate "2011.08.29"]
[SourceQuality "1"]

1. d4 Nf6 2. c4 e6 3. Nf3 c5 4. e3 cxd4 5. exd4 d5 6. a3 dxc4 7. Bxc4 Qc7 8. Qe2 a6 9. Nc3 b5 10. Ba2 Bxa3 11. 0-0 Be7 12. d5 b4 13. dxe6 fxe6 14. Ne4 a5 15. Re1 Nxe4 16. Qxe4 Qc6 17. Qg4 0-0 18. Bh6 Bf6 19. Rac1 Qa4 20. Bxg7 Bxg7 21. Rxc8 Qxa2 22. Rc7 Rf7 23. Rxf7 Kxf7 24. Ng5+ Kg8 25. Qh5 Qa4 26. Qxh7+ Kf8 27. Nxe6+ Ke7 28. Nc5+ 1-0

[Event "Politiken Cup 33rd"]
[Site "Helsingor"]
[Date "2011.08.02"]
[Round "5"]
[White "Danielsen, Henrik"]
[Black "Rauramaa, Kari"]
[Result "1-0"]
[WhiteElo "2535"]
[BlackElo "2217"]
[PlyCount "47"]
[EventDate "2011.07.30"]
[EventType "swiss"]
[EventRounds "10"]
[EventCountry "DEN"]
[SourceTitle "CBM 143 Extra"]
[Source "ChessBase"]
[SourceDate "2011.08.29"]
[SourceVersion "1"]
[SourceVersionDate "2011.08.29"]
[SourceQuality "1"]

1. g3 d5 2. Nf3 Nf6 3. Bg2 g6 4. c4 Bg7 5. cxd5 Nxd5 6. 0-0 0-0 7. Nc3 c5 8. Nxd5 Qxd5 9. d3 Rd8 10. Ng5 Qd7 11. Qb3 e6 12. Ne4 Nc6 13. Nxc5 Qe7 14. Be3 Nd4 15. Bxd4 Bxd4 16. Ne4 e5 17. e3 Bb6 18. a4 Ba5 19. Rfc1 Bf5 20. Qb5 Bb4 21. a5 Bd7 22. Qxb7 Rab8 23. Qxa7 Ra8 24. Nf6+ 1-0

[Event "Politiken Cup 33rd"]
[Site "Helsingor"]
[Date "2011.08.01"]
[Round "4"]
[White "Rauramaa, Kari"]
[Black "Johansen, Johnny Holler"]
[Result "1-0"]
[WhiteElo "2217"]
[BlackElo "1998"]
[PlyCount "73"]
[EventDate "2011.07.30"]
[EventType "swiss"]
[EventRounds "10"]
[EventCountry "DEN"]
[SourceTitle "CBM 143 Extra"]
[Source "ChessBase"]
[SourceDate "2011.08.29"]
[SourceVersion "1"]
[SourceVersionDate "2011.08.29"]
[SourceQuality "1"]

1. d4 Nf6 2. c4 e6 3. Nf3 d5 4. Nc3 c6 5. Bg5 dxc4 6. e4 b5 7. e5 h6 8. Bh4 g5 9. Nxg5 hxg5 10. Bxg5 Nbd7 11. exf6 Bb7 12. Be2 Qc7 13. Bf3 Bb4 14. a4 a6 15. g3 c5 16. 0-0 cxd4 17. Bxb7 Qxb7 18. Qxd4 Bc5 19. Qe4 Qxe4 20. Nxe4 Bd4 21. Nd6+ Kf8 22. axb5 Ne5 23. Kg2 a5 24. Ra4 Bxb2 25. b6 c3 26. b7 Rb8 27. Rxa5 Nd7 28. Bf4 c2 29. Ra2 c1Q 30. Bxc1 Bxf6 31. Rc2 Be5 32. Ba3 Kg7 33. Rc7 Rhd8 34. Rd1 Bxd6 35. Rxd6 Nf6 36. Rxd8 Rxd8 37. Rc8 1-0

[Event "Politiken Cup 33rd"]
[Site "Helsingor"]
[Date "2011.07.31"]
[Round "2"]
[White "Rauramaa, Kari"]
[Black "Svendsen, Peter Willer"]
[Result "1/2-1/2"]
[WhiteElo "2217"]
[BlackElo "1987"]
[PlyCount "105"]
[EventDate "2011.07.30"]
[EventType "swiss"]
[EventRounds "10"]
[EventCountry "DEN"]
[SourceTitle "CBM 143 Extra"]
[Source "ChessBase"]
[SourceDate "2011.08.29"]
[SourceVersion "1"]
[SourceVersionDate "2011.08.29"]
[SourceQuality "1"]

1. d4 g6 2. c4 Bg7 3. Nc3 d6 4. e4 Nc6 5. Nge2 e5 6. Be3 Nf6 7. f3 exd4 8. Nxd4 Bd7 9. Qd2 0-0 10. Be2 a6 11. 0-0 Re8 12. Rfe1 Nh5 13. Bf1 f5 14. Bf2 Be5 15. Nd5 fxe4 16. Rxe4 Nxd4 17. Rxd4 c6 18. Nc3 Qf6 19. Ne4 Qf4 20. Qxf4 Nxf4 21. Rxd6 Bxd6 22. Nxd6 Bf5 23. Nxe8 Rxe8 24. Rd1 Ne2+ 25. Kh1 Kf7 26. g4 Bc8 27. Rd2 Nf4 28. h3 h5 29. Kh2 Kf6 30. Kg3 g5 31. h4 hxg4 32. fxg4 Re4 33. Kf3 Re8 34. Rd6+ Ke5 35. c5 Ne6 36. Bg3+ Kf6 37. hxg5+ Kxg5 38. Bd3 Rf8+ 39. Bf5 Kf6 40. Bh4+ Ke5 41. Ke3 Rh8 42. Bg3+ Kf6 43. Be1 Ke7 44. b4 Rh3+ 45. Ke4 Ng5+ 46. Kf4 Ne6+ 47. Bxe6 Bxe6 48. a4 Rh1 49. Bf2 Rb1 50. Bh4+ Kf7 51. Rd4 Rg1 52. Ke5 Rxg4 53. Rxg4 1/2-1/2

[Event "Turku We TSY"]
[Site "Turku"]
[Date "2011.??.??"]
[Round "3"]
[White "Kangas, Lauri"]
[Black "Rauramaa, Kari"]
[Result "0-1"]
[WhiteElo "2067"]
[BlackElo "2217"]
[PlyCount "64"]
[EventDate "2011.??.??"]
[EventType "swiss"]
[EventRounds "5"]
[EventCountry "FIN"]
[SourceTitle "EXT 2022"]
[Source "ChessBase"]
[SourceDate "2021.10.06"]
[SourceVersion "1"]
[SourceVersionDate "2021.10.06"]
[SourceQuality "1"]

1. d4 Nf6 2. c4 g6 3. Nc3 d5 4. cxd5 Nxd5 5. e4 Nxc3 6. bxc3 Bg7 7. Bc4 0-0 8. Ne2 c5 9. 0-0 Nc6 10. Be3 Qc7 11. Rc1 Rd8 12. Qd2 Ne5 13. Bd3 c4 14. Bb1 b5 15. f4 Nd7 16. Ng3 Nc5 17. f5 e5 18. fxe6 Nxe6 19. Qf2 Bb7 20. e5 a5 21. Be4 b4 22. Qf3 Rd7 23. Rf2 Rad8 24. Bxb7 Qxb7 25. Ne4 bxc3 26. Rxc3 Qb4 27. Rc1 Nxd4 28. Bxd4 Rxd4 29. Qxf7+ Kh8 30. Nf6 Qc5 31. Re1 Rf4 32. Ne4 Qxf2+ 0-1

[Event "Turku We TSY"]
[Site "Turku"]
[Date "2011.??.??"]
[Round "4"]
[White "Rauramaa, Kari"]
[Black "Malmi, Eric"]
[Result "0-1"]
[WhiteElo "2217"]
[BlackElo "2034"]
[PlyCount "58"]
[EventDate "2011.??.??"]
[EventType "swiss"]
[EventRounds "5"]
[EventCountry "FIN"]
[SourceTitle "EXT 2022"]
[Source "ChessBase"]
[SourceDate "2021.10.06"]
[SourceVersion "1"]
[SourceVersionDate "2021.10.06"]
[SourceQuality "1"]

1. d4 f5 2. Nf3 Nf6 3. g3 g6 4. Bg2 Bg7 5. 0-0 d6 6. b3 0-0 7. Bb2 Ne4 8. Nbd2 c6 9. c4 Qe8 10. Ne1 Ng5 11. Nd3 e5 12. dxe5 dxe5 13. f4 exf4 14. Bxg7 Kxg7 15. Nxf4 Qe3+ 16. Rf2 Rd8 17. Nd3 Ne4 18. Bxe4 fxe4 19. Nf1 Qb6 20. Qd2 exd3 21. Qf4 Nd7 22. Qf7+ Kh8 23. Qe7 Rg8 24. Kg2 Qc5 25. Qh4 Rf8 26. Rxf8+ Qxf8 27. Re1 Qf6 28. Qh6 Ne5 29. exd3 Bg4 0-1

[Event "Turku We TSY"]
[Site "Turku"]
[Date "2011.??.??"]
[Round "2"]
[White "Rauramaa, Kari"]
[Black "Riihimaki, Pekka"]
[Result "1-0"]
[WhiteElo "2217"]
[BlackElo "1962"]
[PlyCount "53"]
[EventDate "2011.??.??"]
[EventType "swiss"]
[EventRounds "5"]
[EventCountry "FIN"]
[SourceTitle "EXT 2022"]
[Source "ChessBase"]
[SourceDate "2021.10.06"]
[SourceVersion "1"]
[SourceVersionDate "2021.10.06"]
[SourceQuality "1"]

1. d4 d5 2. c4 c6 3. Nc3 Nf6 4. Nf3 e6 5. Bg5 dxc4 6. e4 b5 7. e5 h6 8. Bh4 g5 9. Bg3 Nd5 10. h3 Bb4 11. Qc2 Qa5 12. Rc1 Nd7 13. Be2 Bb7 14. 0-0 Nxc3 15. bxc3 Be7 16. Rb1 Qc7 17. Nd2 Nb6 18. Ne4 0-0-0 19. Bh5 Rdf8 20. f4 Nd5 21. Qe2 gxf4 22. Bxf4 Nxf4 23. Rxf4 f5 24. exf6 Qxf4 25. fxe7 c5 26. exf8Q+ Rxf8 27. Nxc5 1-0

[Event "Jarvenpaa We JarvSK"]
[Site "Jarvenpaa"]
[Date "2010.??.??"]
[Round "4"]
[White "Rauramaa, Kari"]
[Black "Kukk, Sander"]
[Result "0-1"]
[WhiteElo "2217"]
[BlackElo "2078"]
[PlyCount "54"]
[EventDate "2010.??.??"]
[EventType "swiss"]
[EventRounds "5"]
[EventCountry "FIN"]
[SourceTitle "EXT 2022"]
[Source "ChessBase"]
[SourceDate "2021.10.06"]
[SourceVersion "1"]
[SourceVersionDate "2021.10.06"]
[SourceQuality "1"]

1. d4 g6 2. Nf3 Bg7 3. Bf4 Nf6 4. e3 0-0 5. Bd3 d6 6. Nbd2 c5 7. c3 b6 8. Qe2 Bb7 9. 0-0-0 Nbd7 10. h4 Rc8 11. Rhg1 cxd4 12. exd4 Nd5 13. Bh2 N7f6 14. Ne4 Nxe4 15. Bxe4 Rxc3+ 16. Kb1 Rc7 17. h5 Qd7 18. Ng5 h6 19. Nf3 g5 20. Bc2 Nb4 21. Bb3 Bd5 22. Bxd5 Nxd5 23. Qe4 Qb5 24. Ka1 Rfc8 25. a3 Rc2 26. Rb1 Qb3 27. Qe1 Nc3 0-1

[Event "Jarvenpaa We JarvSK"]
[Site "Jarvenpaa"]
[Date "2010.??.??"]
[Round "1"]
[White "Rauramaa, Kari"]
[Black "Riipinen, Juha"]
[Result "1/2-1/2"]
[WhiteElo "2217"]
[BlackElo "2100"]
[PlyCount "49"]
[EventDate "2010.??.??"]
[EventType "swiss"]
[EventRounds "5"]
[EventCountry "FIN"]
[SourceTitle "EXT 2022"]
[Source "ChessBase"]
[SourceDate "2021.10.06"]
[SourceVersion "1"]
[SourceVersionDate "2021.10.06"]
[SourceQuality "1"]

1. d4 Nf6 2. c4 g6 3. Nc3 Bg7 4. e4 d6 5. f3 0-0 6. Bg5 h6 7. Be3 e5 8. Nge2 a5 9. Qd2 Kh7 10. 0-0-0 Nc6 11. d5 Ne7 12. g4 Nfg8 13. Ng3 f5 14. gxf5 gxf5 15. f4 exf4 16. Bxf4 Ng6 17. Nh5 Nxf4 18. Nxg7 fxe4 19. Rg1 Qh4 20. Nxe4 Rf7 21. Qd4 Bg4 22. Bd3 Nxd3+ 23. Rxd3 Rxg7 24. Rdg3 Rf8 25. Qxg7+ 1/2-1/2

[Event "Vantaa We EtVaS"]
[Site "Vantaa"]
[Date "2009.??.??"]
[Round "3"]
[White "Lansimaki, Ville"]
[Black "Rauramaa, Kari"]
[Result "1-0"]
[WhiteElo "1933"]
[BlackElo "2209"]
[PlyCount "110"]
[EventDate "2009.??.??"]
[EventType "swiss"]
[EventRounds "5"]
[EventCountry "FIN"]
[SourceTitle "EXT 2011"]
[Source "ChessBase"]
[SourceDate "2010.11.26"]
[SourceVersion "1"]
[SourceVersionDate "2010.11.26"]
[SourceQuality "1"]

1. d4 Nf6 2. Nf3 g6 3. Bf4 c5 4. e3 Bg7 5. Nbd2 cxd4 6. exd4 0-0 7. Bc4 d5 8. Bd3 Nc6 9. c3 a6 10. 0-0 b5 11. a3 Qb6 12. Qe2 Re8 13. Ne5 Na5 14. Ndf3 Nc4 15. Ng5 Nd6 16. Rae1 a5 17. h4 b4 18. axb4 axb4 19. Be3 Ba6 20. c4 dxc4 21. Nxc4 Nxc4 22. Bxc4 Bxc4 23. Qxc4 e6 24. Rc1 Nd5 25. Ne4 Qa6 26. Nc5 Qxc4 27. Rxc4 Ra2 28. Nd3 b3 29. Rfc1 Bf6 30. Rc8 Rxc8 31. Rxc8+ Kg7 32. Rb8 Ra1+ 33. Kh2 Nxe3 34. fxe3 Bxh4 35. Rxb3 h5 36. Ne5 Rf1 37. Rb7 Bg5 38. Nc4 h4 39. Rb3 Bd8 40. Rb5 g5 41. g3 Rf2+ 42. Kg1 hxg3 43. e4 Kg6 44. Rb3 f5 45. Rxg3 Rc2 46. Ne5+ Kf6 47. exf5 exf5 48. Rb3 f4 49. Rb8 Ba5 50. b4 Rb2 51. bxa5 Ra2 52. Rf8+ Ke6 53. Ra8 Kd5 54. a6 Kxd4 55. a7 Ke3 1-0

[Event "Helsinki We Garde 3rd"]
[Site "Helsinki"]
[Date "2009.??.??"]
[Round "2"]
[White "Rauramaa, Kari"]
[Black "Suominen, Antti"]
[Result "1-0"]
[WhiteElo "2209"]
[BlackElo "2025"]
[PlyCount "155"]
[EventDate "2009.??.??"]
[EventType "swiss"]
[EventRounds "5"]
[EventCountry "FIN"]
[SourceTitle "EXT 2011"]
[Source "ChessBase"]
[SourceDate "2010.11.26"]
[SourceVersion "1"]
[SourceVersionDate "2010.11.26"]
[SourceQuality "1"]

1. e4 c6 2. d4 d5 3. e5 Bf5 4. Nc3 e6 5. g4 Bg6 6. h4 h5 7. g5 c5 8. Be3 Nc6 9. Bb5 a6 10. Bxc6+ bxc6 11. dxc5 Ne7 12. b4 Nf5 13. Bd4 Nxd4 14. Qxd4 Bxc2 15. Nge2 Be7 16. Qe3 Bg6 17. Nd4 Qc7 18. 0-0 Rb8 19. a3 a5 20. Nce2 axb4 21. axb4 Rxb4 22. Nf4 0-0 23. Rfc1 Qd7 24. Ra6 Rc8 25. Ndxe6 Be4 26. Nxg7 Qg4+ 27. Qg3 Kxg7 28. Ra7 Bf8 29. e6 Qxg3+ 30. fxg3 Bg6 31. e7 Bxe7 32. Rxe7 Rb3 33. Nxg6 Kxg6 34. Rf1 Rf8 35. Rf6+ Kg7 36. Kg2 d4 37. Rd7 d3 38. Rxc6 Ra8 39. g6 Ra2+ 40. Kh3 Rf2 41. Rcd6 d2 42. Rxf7+ Rxf7 43. gxf7 Rc3 44. Rxd2 Rxc5 45. Rd7 Rc2 46. Rd5 Kxf7 47. Rxh5 Kg6 48. Ra5 Rb2 49. h5+ Kh6 50. Kh4 Rh2+ 51. Kg4 Rb2 52. Ra6+ Kg7 53. h6+ Kh7 54. Kh5 Rb5+ 55. Kh4 Rb1 56. g4 Rh1+ 57. Kg5 Rb1 58. Ra7+ Kh8 59. Kg6 Rb6+ 60. Kh5 Rb1 61. g5 Rb5 62. Rf7 Rb6 63. g6 Rb5+ 64. Kg4 Rb8 65. Re7 Rb4+ 66. Kf5 Rb5+ 67. Kf6 Rb6+ 68. Re6 Rb8 69. Rd6 Ra8 70. Ke7 Ra7+ 71. Rd7 Ra8 72. Rd8+ Rxd8 73. Kxd8 Kg8 74. Ke8 Kh8 75. g7+ Kg8 76. Ke7 Kh7 77. Kf8 Kxh6 78. g8Q 1-0